Statistics for Countries Without An 'I' In Its Name

Click here to take the quiz!

General Stats

  • This quiz has been taken 77 times
  • The average score is 65 of 78

Answer Stats

ContinentCountry% Correct
North AmericaCanada
96%
South AmericaParaguay
95%
North AmericaCuba
93%
EuropeFrance
93%
AsiaJapan
93%
EuropeNorway
93%
North AmericaPanama
93%
South AmericaPeru
93%
EuropeSweden
93%
EuropeAndorra
91%
North AmericaBahamas
91%
EuropeDenmark
91%
AfricaEgypt
91%
South AmericaGuyana
91%
North AmericaHonduras
91%
EuropeNetherlands
91%
AsiaNorth Korea
91%
EuropePoland
91%
EuropePortugal
91%
EuropeGreece
89%
AsiaLaos
89%
AfricaMorocco
89%
AsiaSouth Korea
89%
AfricaSouth Sudan
89%
AfricaSudan
89%
AsiaYemen
89%
AsiaBhutan
88%
North AmericaEl Salvador
88%
EuropeGermany
88%
AfricaKenya
88%
AsiaOman
88%
AfricaRwanda
88%
AfricaTogo
88%
South AmericaVenezuela
88%
North AmericaBarbados
86%
North AmericaGuatemala
86%
EuropeHungary
86%
EuropeLuxembourg
86%
EuropeMalta
86%
EuropeMonaco
84%
OceaniaNew Zealand
84%
AsiaTurkey
84%
AfricaAngola
82%
AfricaChad
82%
South AmericaEcuador
82%
AsiaJordan
82%
AsiaKazakhstan
82%
AfricaMadagascar
82%
EuropeBelarus
80%
AfricaGabon
80%
AfricaGhana
80%
AfricaLesotho
80%
AsiaNepal
80%
OceaniaTonga
80%
OceaniaTuvalu
80%
AfricaUganda
80%
AsiaBangladesh
79%
AfricaBotswana
79%
AsiaCyprus
79%
EuropeKosovo
79%
AsiaLebanon
79%
EuropeMoldova
79%
EuropeMontenegro
79%
OceaniaPalau
79%
AsiaQatar
79%
AfricaSenegal
79%
North AmericaGrenada
77%
OceaniaNauru
77%
OceaniaSamoa
77%
AfricaSeychelles
77%
AfricaCape Verde
75%
AfricaComoros
75%
AsiaMyanmar
75%
OceaniaVanuatu
75%
AsiaKyrgyzstan
73%
AfricaCameroon
71%
AfricaCongo
59%
South AmericaUruguay
25%

Score Distribution

Percentile by Number Answered

Percent of People with Each Score

Your Score History

You have not taken this quiz